00458nam a22001337a 4500040000900000082001200009100002600021245003900047260003200086650004700118942001200165999001900177952012800196 cNUST a954 AZI aBharani, Aziz9114451 aBharat Mein Musalmano ka Katle Aam aLahore:bAsif Javed,c2005. aBharat Mein Musalmano ka Katle Aam9114452 2ddccBK c595767d595767 00102ddc4070aCEMEbCEMEcGENd2023-09-05l1m2o954 AZIpCEME-40392q2026-01-21r2025-11-19s2025-11-19w2023-09-05yBK